Đông Nam Á - Truyền thống và hội nhập /
Đã lưu trong:
| 其他作者: | |
|---|---|
| 格式: | Sách giấy |
| 語言: | Vietnamese |
| 出版: |
H. :
Thế giới,
2007.
|
| 主題: | |
| 標簽: |
添加標簽
沒有標簽, 成為第一個標記此記錄!
|
| Thư viện lưu trữ: | Thư viện Trường Đại học Đà Lạt |
|---|
| LEADER | 00790nam a2200313 4500 | ||
|---|---|---|---|
| 001 | DLU090064705 | ||
| 005 | ##20090106 | ||
| 040 | # | # | |a DLU |b vie |
| 041 | # | # | |a vie |
| 044 | # | # | |a vn |
| 082 | # | # | |a 959 |b Don |
| 245 | # | # | |a Đông Nam Á - Truyền thống và hội nhập / |c Vũ Dương Ninh chủ biên. |
| 260 | # | # | |a H. : |b Thế giới, |c 2007. |
| 300 | # | # | |a 535 tr. ; |c 24 cm. |
| 653 | # | # | |a Hợp tác đa quốc gia |
| 653 | # | # | |a Hợp tác phát triển |
| 653 | # | # | |a Lịch sử Đông Nam Á |
| 700 | # | # | |a Vũ Dương Ninh, |e chủ biên. |
| 923 | # | # | |a 20/2008 |
| 991 | # | # | |a SH |
| 992 | # | # | |a 87000 |
| 994 | # | # | |a DLU |
| 900 | # | # | |a True |
| 911 | # | # | |a Đào Thị Thu Huyền |
| 925 | # | # | |a G |
| 926 | # | # | |a A |
| 927 | # | # | |a SH |
| 980 | # | # | |a Thư viện Trường Đại học Đà Lạt |